Logo BPK

Biblioteka

Politechniki Koszalińskiej

Monitoring the world economy 1820-1992 / (Rekord nr 31430)

Szczegóły MARC
000 -ETYKIETA REKORDU
podpole kontrolne o stałej długości 00688nam a2200229 i 4500
001 - NUMER KONTROLNY REKORDU
pole kontrolne bg
020 ## - MIĘDZYNARODOWY ZNORMALIZOWANY NUMER KSIĄŻKI - ISBN
ISBN 9264145494
040 ## - ŹRÓDŁO KATALOGOWANIA
Instytucja, która utworzyła rekord BPK
041 0# - KOD JĘZYKA
Kod języka tekstu en
080 ## - UNIWERSALNA KLASYFIKACJA DZIESIĘTNA - UKD
UKD 338.1:339.9(100)"18/19"
920 ## - Międzynarodowy znormalizowany numer książki – ISBN
ISBN 92-64-14549-4
008 - POLE O STAŁEJ DŁUGOŚCI - DANE KONTROLNE
podpole kontrolne o stałej długości s pl f |000 0 pol
100 1# - NAZWA OSOBOWA
Nazwa osobowa MADDISON, Angus
245 10 - TYTUŁ/ODPOWIEDZIALNOŚĆ
Tytuł Monitoring the world economy 1820-1992 /
Pozostałe elementy strefy tytułu i oznaczenia odpowiedzialności by Angus Maddison ; Organisation for Economic Co-operation and Development.
260 ## - STREFA ADRESU WYDAWNICZEGO
Miejsce wydania Paris :
Nazwa wydawcy/dystrybutora OECD,
Data publikacji, dystrybucji/powstania dokumentu cop. 1995.
300 ## - STREFA OPISU FIZYCZNEGO
Objętość 255 s. :
Inne cechy fizyczne wykr. ;
Rozmiary 28 cm.
490 1# - STREFA SERII I DOKUMENTU WIELOCZĘŚCIOWEGO - FORMA NIE DO WYSZUKIWANIA
Tytuł i oznaczenie odpowiedzialności serii Development Centre Studies
504 ## - UWAGA DOTYCZĄCA BIBLIOGRAFII
Informacje o bibliografii Bibliogr. s. 89-93.
650 #9 - HASŁO PRZEDMIOTOWE W FORMIE NAZWY OGÓLNEJ LUB JEDNOSTKOWEJ
Nazwa ogólna lub geograficzna Gospodarka
Określnik chronologiczny 19-20 w.
830 ## - HASŁO DODATKOWE SERII LUB DOKUMENTU WIELOCZĘŚCIOWEGO - TYTUŁ UJEDNOLICONY
Tytuł ujednolicony Development Centre Studies
856 ## - LOKALIZACJA I DOSTĘP DO ELEKTRONICZNYCH DOKUMENTÓW ZDALNYCH
Link (URL) http://koha.tu.koszalin.pl/cgi-bin/koha/opac-detail.pl?biblionumber=31430
Tekst linku Katalog online BPK
942 ## - DODATKOWE ELEMENTY (KOHA)
Typ dokumentu Książka
Egzemplarze
Wycofany Status egzemplarza Uszkodzony Dostępność Lokalizacja stała Lokalizacja bieżąca Miejsce przechowywania Sygnatura Kod kreskowy Typ dokumentu
      Tylko na miejscu Biblioteka Politechniki Koszalińskiej Biblioteka Politechniki Koszalińskiej Czytelnia Wydziałowa ul. Kwiatkowskiego 6e 38789 01222388 Książka
© 2023 Biblioteka Politechniki Koszalińskiej :: KOHA